Personnages de Dragon Ball - Statistiques

Statistiques générales
  • Ce quiz a été pris 51 fois
  • Le résultat moyen est 31 sur 71
Statistiques - réponses
Numéro Nom % Correct
1 Son Goku
100%
23 C-8
98%
2 Bulma
95%
15 Krilin
93%
40 Ten Shin Han
93%
38 Son Gohan
88%
52 Son Gohan
88%
3 Kamé Sennin
86%
9 To
86%
5 Yamcha
86%
44 Piccolo
81%
56 Vegeta
81%
7 Chichi
79%
59 Freezer
74%
4 Oolong
72%
51 Raditz
72%
57 Nappa
70%
41 Chaozu
63%
6 Puerh
63%
61 Dendé
58%
10 Pilaf
58%
47 Yajirobé
58%
12 Mai
56%
29 Tao Pai Pai
56%
60 Dodoria
51%
30 Karin
51%
62 Zabon
51%
64 Ginyu
49%
58 Kiwi
49%
65 Ghourd
47%
54 Kaio
47%
50 Tout-Puissant
47%
49 Mister Popo
44%
31 Red
44%
26 Blue
42%
8 Gyumao
40%
14 Lunch
40%
66 Reacum
40%
13 Shenron
40%
70 Nail
37%
71 Cold
35%
33 Baba
33%
67 Jeese
33%
11 Shu
33%
39 Tsuru Sennin
33%
68 Butta
28%
45 Tambourine
28%
32 Black
23%
63 le Grand Chef
23%
20 Silver
23%
28 Upa
23%
46 Cymbal
21%
53 Enma
21%
17 Nam
19%
69 Polunga
19%
25 White
16%
16 Bacterian
14%
48 Drum
14%
55 Bubbles
12%
36 la Momie
12%
27 Bola
9%
18 Lanfan
9%
22 Murasaki
9%
24 Boing
7%
34 Draculaman
7%
19 Guilan
7%
21 Metallic
7%
37 Ackman
5%
42 l'homme-garou
5%
43 Pamputt
5%
35 Suké
5%
Aucun quiz correspondant
Distribution des résultats
% des personnes avec chaque résultat
Percentile par nombre de réponses
Votre historique - résultats
Vous n’avez pas pris ce quiz